| 000 | 00448nam a2200169Ia 4500 | ||
|---|---|---|---|
| 003 | GCL | ||
| 008 | 140319s9999 xx 000 0 ara d | ||
| 040 |
_aGCL / _cGCL |
||
| 082 | 0 | 4 |
_aد _b050 |
| 100 | 1 | _aابراهيم فهيم | |
| 245 | 1 | 0 |
_aانت وقلبك (اقرا 387) / _cابراهيم فهيم |
| 300 | _a226 ص | ||
| 490 |
_aوثائق ونصوص _v0 |
||
| 650 | 0 | 4 | _aالقلب |
| 650 | 0 | 4 | _aالقلب، امراض |
| 942 |
_2ddc _cCF |
||
| 999 |
_c27238 _d27238 |
||